000 02220nam a22003737a 4500
005 20091217133711.0
010 _aB-379611-612
020 _a9788182639492
_c25.00
035 _aB-379611-612
035 _aB-432634-638
037 _bPratham Books
037 _bBlueberry Books
082 _aS
100 _aPai, Madhuri
_929897
245 _aWith a pinch of salt /
_cby Madhuri Pai [and] Madhav Chavan; illustrated by Rijuta Ghate; translated in English by Manisha Chaudhry
250 _a2nd ed
260 _aBangalore
_bPratham Books
_c2009
270 _a633-634, 4th "C" Main, 6th B Cross, OMBR Layout, Banaswadi,
_bBangalore
_e560043
300 _a28p.:
_c23cm(pbk)
_bcol. ill.
490 _aRGF Pratham series
_929898
700 _aChavan, Madhav
_929899
700 _aGhate, Rijuta
_929900
700 _aChaudhry, Manisha
_929901
942 _2ddc
_cCH
_mPAI
_hS
999 _c33104
_d33104